Statistiken für Ortsteile der Gemeinde Ahorntal

Klicken Sie hier um das Quiz zu spielen!

Allgemein

  • Dieses Quiz wurde 5 mal gespielt
  • Das Durchschnittsergebnis liegt bei 18 aus 26

Antwortstatistiken

Antwort% Korrekt
Adlitz
75%
Brünnberg
75%
Christanz
75%
Dentlein
75%
Eichig
75%
Freiahorn
75%
Hintergereuth
75%
Hundshof
75%
Hütten
75%
Klausstein
75%
Körzendorf
75%
Langweil
75%
Oberailsfeld
75%
Pfaffenberg
75%
Poppendorf
75%
Reizendorf
75%
Volsbach
75%
Vordergereuth
75%
Weiher
75%
Zauppenberg
75%
Kirchahorn
50%
Neumühle
50%
Rabenstein
50%
Schweinsmühle
50%
Windmühle
25%
Wünschendorf
25%

Verteilung der Resultate

Perzentil nach korrekt beantworteten Fragen

Anzahl Personen mit jedem Resultat

Ihre Resultats-Entwicklung

Sie haben dieses Quiz noch nicht gespielt